000
00233nam a2200097Ia 4500
001
715306
005
20250826162922.0
008
250824s9999 xx 000 0 und d
245
0
_a
HANDAN
_c
HALİDE EDİP ADIVAR
260
_b
CAN YAYINLARI
999
_c
715306
_d
715306